000
00306nam a22001337a 4500
008
181016b xxu||||| |||| 00| 0 eng d
020
_a
9780393051247
041
_a
eng
080
_a
330
100
_a
52
101
_a
EKO
245
_a
Globalization and its Discontents
_c
Stiglitz,J.E
942
_2
udc
_c
BK
999
_c
49839
_d
49839